000 00925cab a2200301 4500
001 WB3112-20
008 090401t1995 xxu||||| |||| 00| 0 eng d
035 _a(Sirsi) u35728
041 _aeng
245 _aGas connections
260 _c1995
350 _a0
490 _aTimes
_v22 March 1995, 22(1)
520 _aPlans to allow people to connect their own properties directly to gas mains as a means of opening up the gas market, are likely to be welcomed by building industry contractors, although there are concerns over safety.
650 _aCONSTRUCTION COMPANIES
650 _aCONTRACTORS
650 _aDIY CONNECTIONS
650 _aGAS BILL
650 _aGAS CONNECTIONS
650 _aGAS MAINS
650 _aGAS MARKET
650 _aGAS SUPPLY
650 _aGAS
650 _aPLANNING PERMISSION
690 _aENVIRONMENTAL AND LAND CONSULTANCY-ENERGY
942 _n0
948 _c04/03/1997
999 _c23365
_d23365